| 000 | 00722cac a22001931u 4500 | ||
|---|---|---|---|
| 008 | 081104t xxu||||| |||| 00| 0 eng d | ||
| 010 | _a 2002103318 | ||
| 020 | _a0072967226 (handbook/study guide) | ||
| 035 | _a(DLC) 2002103318 | ||
| 082 | 0 | 0 |
_a650.01 _bSLA |
| 245 | 1 | 0 |
_aPractical Business Math procedures / _cJeffrey Slater |
| 250 | _a8th ed. | ||
| 260 |
_aBoston : _bMcGraw-Hill Irwin, _c2006. |
||
| 300 |
_a107 p. _bill. ; _c30 cm. |
||
| 500 | _aIncludes index. | ||
| 538 | _aSystem requirements for accompanying computer disc: Multimedia PC with Pentium 200 MHz; Microsoft Windows 98, Windows 2000 Professional, or Windows XP. | ||
| 740 | 0 | 2 | _aBusiness math handbook and study guide. |
| 942 |
_cBB _k650.01SLA _2ddc |
||
| 999 |
_c2744 _d2744 |
||